00126 a2200061 4500100001800000245002400018260002200042 aRajput, R. K. aThermal engineering bLaxmi Publication